| 000 | 02341nam a2200361Ia 4500 | ||
|---|---|---|---|
| 999 |
_c55040 _d55040 |
||
| 001 | 22115 | ||
| 003 | GE_BSU | ||
| 005 | 20221031120705.0 | ||
| 008 | 181216s||||||||xx |||||||||||||| ||und|| | ||
| 020 | _a9789941130922 | ||
| 040 | _cGE_BSU | ||
| 041 | _ageo | ||
| 080 | _a821.353.1.092 მ-69 | ||
| 100 |
_aმინაშვილი, ლადო _91253 |
||
| 245 |
_aლიტერატურული ნარკვევები / _cლადო მინაშვილი ; რედ. ხათუნა მემანიშვილი. |
||
| 264 |
_aთბილისი : _bთბილ. უნ-ტის გამ-ბა, _c2009. |
||
| 300 |
_a252 გვ. ; _c20 სმ. |
||
| 501 | _aპირთა საძ. გვ. : 245-250 | ||
| 504 | _aბიბლიოგრ. ტექსტ. შენიშვნ. და გვ. : 238-244 | ||
| 541 | _h7ლ. | ||
| 653 | _aილია ჭავჭავაძის ლირიკის პათოსი | ||
| 653 | _a ილია ჭავჭავაძე და "ვეფხისტყაოსანი" | ||
| 653 | _a გრიგოლ ორბელიანთან ილია ჭავჭავაძის მიმართებისათვის | ||
| 653 | _a აკაკი წერეთლის "პატარა კახის" შემოქმედებითი ისტორიისათვის | ||
| 653 | _a მეცხრამეტე საუკუნის ქართული მწერლობა გალაკტიონ ტაბიძის თვალთახედვით | ||
| 653 | _a სახელოვანი პოეტი ახალი და უახლესი ქართული ლიტერატერატურის ისტორიკოსის ამპლუაში | ||
| 653 | _aლიტერატურული ნარკვევები | ||
| 653 | _aქართველი მწერლები | ||
| 653 | _a ქართული ლიტერატურის ისტორია და კრიტიკა | ||
| 653 | _aქართული ლიტერატურა | ||
| 700 |
_aმემანიშვილი, ხათუნა _eრედაქტორი _915668 |
||
| 942 |
_cBK _2udc |
||